Años de juventud del doctor Angélico /

Guardado en:
Detalles Bibliográficos
Autor principal: Palacio Valdés, Armando (autor)
Formato: Libro
Idioma:Español
Publicado: Buenos Aires, Argentina : Espasa-Calpe, 1946, c1946
Colección:(Austral ; 588)
Temas:
Etiquetas: Agrega una etiqueta
Sin etiquetas, Sé el primero en etiquetar este registro!

MARC

LEADER 00000nam^a2200000^a^4500
001 000286042
005 20250521000000.0
009 20260310111757.209
037 |a Acervo Xavier Clavigero 
041 |a ESP 
082 |a 808.  |b AUS V. 588 
100 |a Palacio Valdés, Armando  |e (autor) 
245 1 0 |a Años de juventud del doctor Angélico /  |c A. Palacio Valdés. 
264 4 |a Buenos Aires, Argentina :  |b Espasa-Calpe,  |c 1946, c1946 
300 |a 249 p. 
336 |a texto  |b txt  |2 rdacontenido 
337 |a sin mediación  |b n  |2 rdamedio 
338 |a volumen  |b nc  |2 rdasoporte 
440 1 |a (Austral ;  |v 588) 
545 0 |a Armando Palacio Valdés, escritor español nacido en Entralgo, Asturias en 1853 y fallecido en Madrid en 1938, entre cuyas principales obras se cuentan Marta y María (1883), El idilio de un enfermo (1884), José (1885), El cuarto poder (1888), la muy popular La hermana San Sulpicio (1889), La espuma (1891), la en algún momento prohibida La fe (1892), El maestrante (1893) y El origen del pensamiento (1895), todas ellas precedentes y/o en más de un sentido ajenas a la trayectoria ideológica que condujo a su autor a la adhesión a la dictadura de Primo de Rivera. Riverita (1886), Maximina (1887), Los majos de Cádiz (1896), La alegría del capitán Ribot (1899), La aldea perdida (1903), Santa Rogelia (1926), Sinfonía pastoral (1931) o El gobierno de las mujeres (1931) dan cuenta, por su parte, de esa ulterior etapa de la producción del escritor asturiano. Palacios Valdés colaboró en varias publicaciones y sus artículos fueron reunidos en tres compilaciones: Los oradores en el Ateneo y Los novelistas españoles (ambas de 1878) y Nuevo viaje al Parnaso (1879). 
649 |a XX 
650 |a Novela Española 
650 |a Literatura Española -  |y Siglo XX 
910 |a Fondo General 
920 |a Impresos - Libros 
930 |a Colección General 
940 |a Literatura 
905 |a 101 
901 |a 062420  |b IT1  |c LIT  |u 20250521 
902 |a https://opac.biblio.iteso.mx/vufind/Record/000286042